Defending your faith : (Record no. 8700)

MARC details
000 -LEADER
fixed length control field 01098cam a22002894a 4500
001 - CONTROL NUMBER
control field 13174959
003 - CONTROL NUMBER IDENTIFIER
control field GBCCL
005 - DATE AND TIME OF LATEST TRANSACTION
control field 20241126110656.0
008 - FIXED-LENGTH DATA ELEMENTS--GENERAL INFORMATION
fixed length control field 030424s2003 ilu b 001 0 eng
010 ## -
-- 2003009625
020 ## - INTERNATIONAL STANDARD BOOK NUMBER
International Standard Book Number 1581345194
040 ## - CATALOGING SOURCE
Original cataloging agency DLC
Transcribing agency DLC
Modifying agency DLC
042 ## -
-- pcc
050 00 -
-- BT1103
-- .S65 2003
082 00 - DEWEY DECIMAL CLASSIFICATION NUMBER
Classification number 239
Edition information 21
Item number SPR
100 1# - MAIN ENTRY--PERSONAL NAME
Personal name Sproul, R. C.
Fuller form of name (Robert Charles),
Dates associated with a name 1939-
9 (RLIN) 1291
245 10 - TITLE STATEMENT
Title Defending your faith :
Remainder of title an introduction to apologetics /
Statement of responsibility, etc. R.C. Sproul.
260 ## - PUBLICATION, DISTRIBUTION, ETC.
Place of publication, distribution, etc. Wheaton, Ill. :
Name of publisher, distributor, etc. Crossway Books,
Date of publication, distribution, etc. c2003.
300 ## - PHYSICAL DESCRIPTION
Extent 206 p. ;
Dimensions 24 cm.
504 ## - BIBLIOGRAPHY, ETC. NOTE
Bibliography, etc. note Includes bibliographical references and indexes.
650 #0 - SUBJECT ADDED ENTRY--TOPICAL TERM
Topical term or geographic name entry element Apologetics.
9 (RLIN) 85
856 41 - ELECTRONIC LOCATION AND ACCESS
Materials specified Table of contents
Uniform Resource Identifier <a href="http://www.loc.gov/catdir/toc/ecip043/2003009625.html">http://www.loc.gov/catdir/toc/ecip043/2003009625.html</a>
856 42 - ELECTRONIC LOCATION AND ACCESS
Materials specified Publisher description
Uniform Resource Identifier <a href="http://www.loc.gov/catdir/enhancements/fy0912/2003009625-d.html">http://www.loc.gov/catdir/enhancements/fy0912/2003009625-d.html</a>
906 ## - LOCAL DATA ELEMENT F, LDF (RLIN)
a 7
b cbc
c orignew
d 1
e ecip
f 20
g y-gencatlg
942 ## - ADDED ENTRY ELEMENTS (KOHA)
Source of classification or shelving scheme Dewey Decimal Classification
Koha item type Books
Koha issues (borrowed), all copies 6
Holdings
Withdrawn status Lost status Source of classification or shelving scheme Damaged status Not for loan Home library Current Library Shelving location Date acquired Total checkouts Full call number Barcode Date last seen Date last checked out Copy number Price effective from Koha item type
    Dewey Decimal Classification     GRACE BIBLE COLLEGE GRACE BIBLE COLLEGE Theology 2021-08-12 6 239 SPR 015160 2025-05-01 2024-08-01 c.1 2021-08-12 Books
    Dewey Decimal Classification     GRACE BIBLE COLLEGE GRACE BIBLE COLLEGE Theology 2025-07-22 1 239 SPR 017113 2025-09-03 2025-09-01 c.2 2025-07-22 Books
© Grace Bible College Library 2025